| 000 | 00827nam a2200229 a 4500 | ||
|---|---|---|---|
| 001 | 000036619 | ||
| 005 | 20250430073846.0 | ||
| 008 | 120123s2008 dr a 001 e spa d | ||
| 040 |
_aDO-SdBNP _bspa _cBNPHU |
||
| 082 |
_a158.1 _bF825v |
||
| 100 | 1 |
_aFranco Pimentel, Juan de Dios, _d1955- _962912 |
|
| 245 | 1 | 0 |
_aEl vencedor : _blibro de autoayuda / _cJuan de Dios Franco Pimentel; prólogo Alfonso Batista D. |
| 260 |
_a[Santo Domingo : _bs. n., _c2008]. |
||
| 300 |
_a190 p. : _bil., retrs. ; _c22 cm. |
||
| 500 | _aIncluye datos biográficos del autor | ||
| 504 | _aBibliografía : p. 186-187 | ||
| 590 | _aInventariado, 2018/LP | ||
| 650 | 0 |
_aAutorrealización (Psicología) _9211 |
|
| 650 | 4 |
_aDesarrollo humano _9213 |
|
| 700 | 1 |
_aBatista D., Alfonso, _eprólogo _962913 |
|
| 910 | _aValidado. Control de la calidad EMS. | ||
| 999 |
_c36110 _d36110 |
||